000 00583nam a22002657a 4500
003 UA-OsUOA
001 31555
007 ta
008 20041224b un ||||| |||| 00| 0 ukr d
100 _aДейан А.
090 _a659.1
_bД27
942 _cBK
040 _aUA-OsUOA
_brus
_cUA-OsUOA
_dUA-OsUOA
245 _aРеклама
300 _a128 с.
955 _a0
041 _arus
080 _a659.1
020 _a5-7654-3345-6
260 _aСПб
_bИзд. дом "Нева"
_c2004
044 _aRU
250 _n8 - изд.
650 7 _2UDC
999 _c317984
_d317984